[Event "ISR-chT U18"]
[Site "Beer Yaakov"]
[Date "2022.08.16"]
[Round "7.3"]
[White "Orian, Noga"]
[Black "Kabakov, Iddo"]
[Result "1-0"]
[WhiteElo "1855"]
[BlackElo "1596"]
[PlyCount "53"]
[EventDate "2022.08.14"]
[EventType "team-swiss"]
[EventRounds "7"]
[EventCountry "ISR"]
[SourceTitle "CBM 209 Extra"]
[Source "ChessBase"]
[SourceDate "2022.09.30"]
[SourceVersion "1"]
[SourceVersionDate "2022.09.30"]
[SourceQuality "1"]

1. d4 Nf6 2. c4 g6 3. Nc3 d5 4. cxd5 Nxd5 5. e4 Nxc3 6. bxc3 Bg7 7. Be3 c5 8. Rc1 0-0 9. Qd2 Nc6 10. d5 Ne5 11. h3 b6 12. f4 Nd7 13. Nf3 Nf6 14. Qc2 Qc7 15. g4 Rd8 16. c4 Ne8 17. Bd3 Bb7 18. Kf2 Nd6 19. e5 Ne8 20. h4 Qc8 21. h5 Qxg4 22. Rcg1 Qd7 23. hxg6 fxg6 24. Bxg6 hxg6 25. Qxg6 Rac8 26. e6 Qa4 27. Qf7# 1-0